000 00248nam a22001097a 4500
082 _a808.3 PIN'R
100 _aPINSON, R. G
_957768
245 _aRAMBLES IN STORY LAND
260 _aLAHORE
_bMAKTABA-TUL-MAARIF
_c1960
300 _a108P
942 _cBK
999 _c568026
_d568026